[Event "Chinese-ch Women 2020"]
[Site "Xinghua"]
[Date "2020.12.29"]
[Round "10.5"]
[White "Yan, Tianqi"]
[Black "Ning, Kaiyu"]
[Result "0-1"]
[WhiteElo "2207"]
[BlackElo "2327"]
[Annotator "TA"]
[PlyCount "104"]
[EventDate "2020.12.19"]
[EventType "tourn"]
[EventCountry "CHN"]
[SourceTitle "playchess.com"]
[Source "ChessBase"]
[SourceQuality "1"]

{[%evp 22,103,48,50,62,23,27,22,26,14,23,11,18,0,22,7,22,19,14,20,27,0,0,3,4,-11,-11,-13,-15,-8,-5,-3,0,0,0,-33,-21,-17,-13,-13,-17,-27,-12,-35,0,-45,-35,-33,2,2,2,2,2,0,5,5,50,65,146,116,122,0,54,0,0,0,0,0,0,0,0,0,0,0,0,0,0,0,0,-29976,-29974,-29998,-29999,-29999]} 1. e4 e6 2. d4 d5 3. Nd2 Be7 4. c3 c5 5. Ngf3 cxd4 6. Nxd4 dxe4 7. Nxe4 Nf6 8. Bd3 O-O 9. O-O Nbd7 10. Qe2 Nxe4 11. Bxe4 Nf6 12. Bc2 h6 {C10: French with 3 Nc3: Unusual Black 3rd moves and 3...dxe4.} 13. Bf4 Bd6 $1 {[%cal Rd6f4]} 14. Bxd6 Qxd6 {The position is equal.} 15. Rfd1 {[#]} Qc5 $146 ({Predecessor:} 15... a6 16. Nf3 Qb6 17. Ne5 Qc7 18. a4 b6 19. Rd4 Bb7 20. Rad1 Rad8 21. h3 Rd5 22. Rxd5 Nxd5 {1-0 (49) Gavric,M (2368)-Bjelica,B Banja Dvorovi 2018}) 16. Qf3 Bd7 17. a4 a5 18. Rab1 e5 19. Nf5 Bxf5 20. Qxf5 Ra6 21. Re1 Re8 22. Bd3 Rae6 23. Rbd1 g6 24. Qh3 e4 25. Be2 e3 26. f3 Kg7 27. Qh4 Qb6 28. b4 Rc8 29. bxa5 Qxa5 30. Qb4 Qe5 31. Qxb7 Rxc3 32. Qb4 Rc5 33. Rd8 Qc7 34. Rb8 Re7 {[#]} 35. Rb7 $1 Qd6 {And now ...Qd2 would win.} 36. Rxe7 $1 Qxe7 37. a5 Qc7 38. a6 Rh5 39. g3 {Strongly threatening Ra1.} Rg5 (39... Qa5 $14 40. Rb1 Qxb4 41. Rxb4 Ra5) 40. f4 Ra5 {[#]} 41. Qd4 (41. Qb2 $1 $16) 41... Ra3 $14 42. Bd3 (42. g4 $14 Qa5 43. Rd1) 42... Qa5 $11 43. Rxe3 {Hoping for Bc4.} Qd2 44. a7 Qd1+ 45. Kg2 Ra2+ 46. Re2 $1 {[%cal Re2a2]} Rxe2+ 47. Bxe2 Qxd4 48. a8=Q Ne4 {( -> ...Qf2+)} 49. Kh3 Qe3 50. Bc4 {[%mdl 8192] [#]} (50. Qa1+ $11 Nc3 51. Qb2) 50... Qf3 $1 {Black mates.} 51. Qc8 Nf2+ 52. Kh4 Qh5# {Weighted Error Value: White=0.32/Black=0.07} 0-1

[Event "Chinese-ch Women 2020"]
[Site "Xinghua"]
[Date "2020.12.29"]
[Round "10.6"]
[White "Hu, Yu A."]
[Black "Li, Xueyi"]
[Result "1-0"]
[WhiteElo "2094"]
[BlackElo "2328"]
[Annotator "TA"]
[PlyCount "115"]
[EventDate "2020.12.19"]
[EventType "tourn"]
[EventCountry "CHN"]
[SourceTitle "playchess.com"]
[Source "ChessBase"]
[SourceQuality "1"]

{[%evp 13,115,0,0,0,0,0,0,0,0,-16,-4,-106,-127,-143,-97,-137,125,129,116,115,104,64,57,59,72,0,0,0,0,0,0,0,0,0,0,0,0,-237,-200,-197,0,0,121,-109,-54,-44,-51,-167,50,44,59,60,62,58,178,66,161,63,56,50,95,0,55,0,0,0,0,0,311,316,297,299,368,366,482,462,452,412,628,615,606,310,310,310,760,792,764,772,677,693,979,958,12840,12840,12841,12841,12841,12841,12841,12842,12843,12843,12844,12844]} 1. e4 c6 2. d4 d5 3. e5 Bf5 4. Nf3 e6 5. Be2 c5 6. Be3 Nd7 {6...Qb6 gains popularity.} 7. c4 cxd4 8. Nxd4 {B12: Caro-Kann: Advance Variation.} Bxb1 9. Rxb1 Bb4+ 10. Kf1 {The position is equal.} Ne7 11. Qb3 Bc5 12. Qxb7 (12. f4 $11) 12... O-O $17 {[#]} 13. g3 $146 ({Predecessor:} 13. Nc6 Nxc6 14. Bxc5 Na5 15. Qb4 Nxc5 16. Qxc5 Nxc4 17. Bxc4 Rc8 18. Qxa7 Rxc4 19. b4 {0-1 (68) Eggleston,D (2327)-Sugden,J (2159) England 2012}) 13... Bb6 {Threatens to win with ...Nc5.} 14. Qa6 Nxe5 $2 {[%mdl 8192]} (14... dxc4 $17 {stays on course.} 15. Nf3 Bxe3 16. fxe3 Nd5) 15. c5 $1 $16 Bc7 16. b4 N5g6 17. f4 e5 18. fxe5 Bxe5 19. Kg2 (19. Nf3 $16) 19... Bxd4 $11 20. Bxd4 {Hoping for Bg4.} Nf5 21. Rhd1 Qg5 22. Kh1 $36 {[%mdl 2048] White fights for an advantage.} h5 23. Bf2 h4 {[%cal Rh4g3]} 24. Qd3 Rae8 25. Qf3 (25. Qd2 $11 Ne3 26. Bxe3 Rxe3 27. Rb3) 25... hxg3 $19 26. hxg3 d4 $2 (26... Re4 $1 $19 27. Rb3 Ne5) 27. Rb3 $11 d3 (27... Qf6 $11 {keeps the balance.}) 28. Bxd3 $2 {[#]} (28. Rdxd3 $16 {and life is bright. aiming for Rd1.} Ne5 {[%mdl 64] Double Attack} 29. Qf4 Qxf4 30. gxf4 Nxd3 31. Bxd3) 28... Ne3 (28... Nxg3+ $1 $17 {[%mdl 512]} 29. Kh2 (29. Bxg3 Re3 $17) 29... Nh5) 29. Re1 $15 Ng4 30. Kg1 {[#]} (30. Rxe8 $1 $15 Rxe8 31. Kg2) 30... Nxf2 $2 (30... N6e5 $1 $19 {[%cal Re5f3]} 31. Qh1 g6) 31. Qxf2 $14 Rxe1+ 32. Qxe1 Ne5 33. Bc2 (33. Be4 {keeps more tension.} Ng4 34. Bf3 Ne5 35. Re3 Nxf3+ 36. Rxf3 Qd5 37. Qc3) 33... Ng4 (33... g6 $14) 34. Qe2 (34. Rd3 $18) 34... Nf6 {[#]} (34... a5 $14) 35. Qe3 (35. Rd3 $1 $18) 35... Qd5 {With the idea ...Re8.} 36. Qd3 {Strongly threatening Qxd5.} Qe5 37. Qe3 (37. Qd2 $16) 37... Qa1+ (37... Qd5 $11) 38. Bb1 ({White should play} 38. Kg2 $14) 38... Re8 $11 39. Qf2 {And now Qb2 would win.} Qe5 40. Rf3 Qe1+ $2 {[%mdl 8192]} (40... Qa1 $11 {and Black is okay.} 41. Rb3 Qe5) 41. Qxe1 $18 Rxe1+ {[%mdl 4096] Endgame KRB-KRN} 42. Rf1 Re3 43. Rc1 g6 44. c6 {c7 is the strong threat.} Nd5 45. Kf2 {Black must now prevent c7.} Re7 (45... Re8 $142 46. b5 Nc7) 46. b5 Kf8 47. Rc5 Nb6 48. a4 {[%cal Ba2a4,Ba4a5][%mdl 32]} Ke8 $2 (48... Nxa4 49. c7 Nb6 50. c8=Q+ Nxc8 51. Rxc8+ Kg7) 49. a5 {White is clearly winning.} Nc8 50. Rd5 Rc7 51. Ke3 a6 52. b6 Nxb6 53. axb6 Rxc6 {KRB-KR} 54. b7 Rb6 55. Re5+ Kd7 56. Be4 f6 57. Rd5+ Kc7 58. Rc5+ {Quite a comeback for White.  Weighted Error Value: White=0.44/Black=0.55} 1-0

[Event "Chinese-ch Women 2020"]
[Site "Xinghua"]
[Date "2020.12.30"]
[Round "11.1"]
[White "Li, Xueyi"]
[Black "Guo, Qi"]
[Result "0-1"]
[WhiteElo "2328"]
[BlackElo "2418"]
[Annotator "TA"]
[PlyCount "76"]
[EventDate "2020.12.19"]
[EventType "tourn"]
[EventCountry "CHN"]
[SourceTitle "playchess.com"]
[Source "ChessBase"]
[SourceQuality "1"]

{[%evp 14,76,0,0,0,0,8,-8,0,-30,-15,-29,-31,-69,-60,-87,-38,-53,-62,-88,-50,-87,-95,-82,-78,-114,-107,-166,-132,-161,-171,-177,-163,-172,-149,-204,-145,-164,-141,-143,-143,-162,-162,-160,-160,-160,-160,-160,-152,-662,-656,-655,-641,-623,-614,-614,-208,-600,-597,-6621,-5716,-4727,-2988,-29978,-29977]} 1. d4 Nf6 2. c4 e6 3. g3 d5 4. Bg2 dxc4 5. Nf3 c5 6. O-O Nc6 7. Na3 {Recently 7.dxc5 got a lot of attention.} cxd4 8. Nxc4 Bc5 {E04: Open Catalan: 5 Nf3.} 9. a3 a5 10. Bf4 O-O {The position is equal.} 11. Rc1 Nd5 12. Nce5 {[#]} Ba7 $146 ({Predecessor:} 12... Nxf4 13. Rxc5 Nxe5 14. gxf4 Nxf3+ 15. Bxf3 Ra6 16. Qd3 Qf6 17. Qe4 Rd6 18. Qe5 Qe7 {1-0 (32) Abasov,N (2516)-Rzayev,B (2432) Baku 2014}) 13. Nxc6 bxc6 14. Rxc6 Nxf4 15. gxf4 Bb7 16. Rc4 Bd5 17. Rc1 Qf6 18. Qd2 Rad8 19. Rfd1 Bb3 20. Rf1 (20. Re1 $17) 20... Bb8 $1 $19 21. Qxa5 Bxf4 22. Rc5 Bd5 23. Rd1 Qg6 24. Kh1 (24. Nh4 $17 Qg4 25. Nf3) 24... Qh6 {...Bxf3 is the strong threat.} 25. h3 g5 26. Kg1 f5 $1 27. Nxd4 Bxg2 28. Kxg2 {[%cal Rd4f5] Black must now prevent Nxf5.} g4 29. h4 {[%cal Rd4f5] Threatens to win with Nxf5.} Bd6 {aiming for ...Qf4.} (29... Qxh4 30. Rh1 $11) 30. Nxf5 Qf4 {[%cal Rf4h2] ( -> ...Qh2+)} ({Don't take} 30... exf5 31. Rxf5 Be7 32. Rxd8 $15) 31. Nxd6 $2 {Now White is beyond hope.} (31. Rxd6 $17 Rxd6 32. Ne7+ (32. Nxd6 {gets mated.} Qxf2+ {[%mdl 64] Double Attack} 33. Kh1 Qxh4+ 34. Kg2 Qh3+ 35. Kg1 Rf1#) 32... Kh8 33. Qc3+ Rf6 34. Qe3) 31... Qxf2+ {[%mdl 64] Double Attack} 32. Kh1 {White wants to mate with Rg5+.} Qxh4+ 33. Kg1 Qg3+ {[%mdl 64] Double Attack} 34. Kh1 {Intending Rg5+ and mate.} Qh3+ $40 {[%mdl 128] Black goes for the king.} (34... Rxd6 $2 35. Rg5+ Kh8 36. Ra1 $19) 35. Kg1 {Rg5+ would kill now.} h6 36. Rh5 {[#]} Qe3+ {[%mdl 64] Double Attack} ({Stronger than} 36... Qg3+ 37. Kh1 $11) 37. Kh1 {[#]} Rxd6 $1 {[%mdl 512]} 38. Ra1 (38. Re1 g3) 38... Qxe2 {Weighted Error Value: White=0.84/Black=0.06} 0-1

[Event "Chinese-ch Women 2020"]
[Site "Xinghua"]
[Date "2020.12.30"]
[Round "11.2"]
[White "Ning, Kaiyu"]
[Black "Hu, Yu A."]
[Result "1-0"]
[WhiteElo "2327"]
[BlackElo "2094"]
[Annotator "TA"]
[PlyCount "63"]
[EventDate "2020.12.19"]
[EventType "tourn"]
[EventCountry "CHN"]
[SourceTitle "playchess.com"]
[Source "ChessBase"]
[SourceQuality "1"]

{[%evp 16,63,62,53,105,104,98,65,66,64,128,118,120,119,126,113,104,97,138,137,162,157,152,106,123,36,73,0,354,356,353,353,335,360,345,261,251,262,340,335,335,335,330,320,320,301,674,643,29993,29994]} 1. c4 Nf6 2. Nc3 g6 3. d4 Bg7 4. e4 d6 5. h3 O-O 6. Nf3 Nbd7 7. Be3 e5 8. d5 Nh5 9. Nd2 Qe8 {E90: King's Indian: Classical: Early deviations and 6 h3.} (9... c6 $14) 10. Nb5 $16 Qd8 11. g3 a6 {White is slightly better.} 12. Nc3 {[#]} f5 $146 (12... Nhf6 $14) ({Predecessor:} 12... Bh8 13. Rg1 f6 14. Be2 Ng7 15. g4 Rf7 16. Qc2 b6 17. O-O-O Nf8 18. h4 Qe7 19. h5 g5 20. b4 Ne8 {1-0 (35) Horvath,J (2528)-Carnicelli,V (2256) Forni di Sopra 2016}) 13. exf5 gxf5 14. Qxh5 {aiming for Bg5.} f4 {[#]} 15. O-O-O $1 fxe3 16. fxe3 Nf6 17. Qh4 Bf5 18. g4 Bg6 19. Qg3 c6 20. g5 ({White should try} 20. h4 $16) 20... Nh5 $1 $14 {[%cal Rh5g3]} 21. Qh4 (21. Qg4 $16) 21... Rc8 $2 {[%mdl 8192]} (21... Qb6 $11 {and Black stays safe.} 22. Be2 Qxe3 23. Bxh5 Rf4) 22. Be2 $18 Qe8 23. Nde4 ({Weaker is} 23. Bg4 cxd5 24. Nxd5 (24. Bxc8 d4 $16) 24... Rc5 $16) 23... Bxe4 24. Nxe4 Nf4 25. exf4 Rxf4 {[#]} 26. Bg4 $1 cxd5 (26... Rxe4 27. Be6+) 27. Nf6+ ({Not} 27. Rxd5 Rxc4+ 28. Nc3 e4 $16) ({Less strong is} 27. Nxd6 Qg6 $14) 27... Bxf6 28. gxf6 {Strongly threatening Qg5+.} Rcxc4+ 29. Kb1 Qg6+ 30. Ka1 Rc2 $2 (30... Qxf6 31. Qg3 Kh8 32. Rxd5 Rf1+ 33. Rd1 Rxh1 34. Rxh1 Qf4) 31. Rhg1 {Intending Be6+ and mate.} Rfc4 32. Be6+ {[%mdl 64] Double Attack, Discovered Attack.  Weighted Error Value: White=0.20/Black=0.84} 1-0

[Event "Chinese-ch Women 2020"]
[Site "Xinghua"]
[Date "2020.12.30"]
[Round "11.4"]
[White "Tan, Zhongyi"]
[Black "Yuan, Ye"]
[Result "1-0"]
[WhiteElo "2510"]
[BlackElo "2081"]
[Annotator "TA"]
[PlyCount "105"]
[EventDate "2020.12.19"]
[EventType "tourn"]
[EventCountry "CHN"]
[SourceTitle "playchess.com"]
[Source "ChessBase"]
[SourceQuality "1"]

{[%evp 16,105,0,0,0,-23,-6,-18,-17,-35,-25,-32,-28,-56,-49,-81,-57,-111,-68,-60,-47,-49,-52,-51,-41,-68,-35,-41,-32,-18,-21,-39,-35,-40,0,0,0,-11,0,0,0,0,0,-42,100,111,122,120,125,121,155,155,155,155,155,155,155,155,155,155,160,162,164,144,145,145,247,149,149,149,150,142,150,150,150,150,148,150,157,157,157,125,265,238,320,286,311,304,303,303,320,288]} 1. e4 c5 2. Nf3 e6 3. c3 d5 4. e5 Nc6 5. d4 Qb6 6. a3 c4 7. g3 Na5 8. Nbd2 Bd7 9. h4 h6 {C02: French: Advance Variation.} 10. Bh3 Ne7 11. O-O O-O-O {The position is equal.} 12. h5 Kb8 13. Nh4 Nc8 14. f4 Be7 15. Ng2 g6 16. Ne3 {[#]} (16. hxg6 $15 fxg6 17. Rb1) 16... Rhg8 $146 ({Predecessor:} 16... Qc7 17. Kh1 Nb6 18. Qf3 Rdf8 19. Rb1 Ka8 20. Qf2 Rhg8 21. Ng4 gxh5 22. Nf6 Bxf6 23. exf6 {1-0 (51) Bodnaruk,A (2414)-Sviridova,V (2144) Chess.com INT 2020}) 17. Kh2 Rg7 18. Rg1 Qc7 19. Rb1 Nb6 20. Qe2 Rdg8 21. Ng4 gxh5 22. Nf6 Bxf6 23. exf6 Rg6 24. Nf3 Rxf6 25. f5 {[#] Threatens to win with Bf4.} Ka8 ({Avoid the trap} 25... exf5 $2 26. Bf4 $18) 26. Bf4 Qd8 27. Be5 Rxf5 28. Bxf5 exf5 29. Qd2 f4 (29... Nc6 $15 {stays ahead.}) 30. Qxf4 $16 Qe8 31. Rbe1 {[%mdl 1024] White has strong compensation.} Qe6 {[%csl Gd7][%cal Re6h3]} 32. Rg2 Nc6 {[#]} 33. Bc7 $1 Qh3+ 34. Kg1 Bf5 35. Rh2 Qg4 36. Qxg4 Bxg4 37. Ne5 Nxe5 38. Rxe5 f6 39. Re3 Nd7 40. Re7 b6 (40... Rc8 $16) 41. Kf2 Kb7 42. Bf4 Kc6 43. Rh1 Kb5 44. Rh4 {aiming for Rxg4!} Kc6 45. a4 a5 46. Rh1 b5 47. axb5+ Kxb5 48. Ra1 Nb6 {This costs Black the game.} (48... Rh8 $16 {was called for.} 49. Ke1 Bf5) 49. Bc7 ({Don't take} 49. Bxh6 $6 Nd7 $18) 49... Bh3 50. Rh1 {White has a decisive advantage.} Bg4 51. Bxb6 Kxb6 52. Rf7 f5 53. Re1 {Weighted Error Value: White=0.12/Black=0.23} 1-0

[Event "Chinese-ch Women 2020"]
[Site "Xinghua"]
[Date "2020.12.30"]
[Round "11.5"]
[White "Xiao, Yiyi"]
[Black "Zhai, Mo"]
[Result "0-1"]
[WhiteElo "2301"]
[BlackElo "2366"]
[Annotator "TA"]
[PlyCount "52"]
[EventDate "2020.12.19"]
[EventType "tourn"]
[EventCountry "CHN"]
[SourceTitle "playchess.com"]
[Source "ChessBase"]
[SourceQuality "1"]

{[%evp 9,52,11,2,-29,-17,-19,-29,-43,-43,-42,-27,-41,-42,-41,-47,-56,-73,-116,-51,-51,-51,-51,-51,-51,-51,-51,-47,-43,-24,-62,-59,-62,-70,-100,-102,-148,-144,-201,-154,-201,-211,-550,-556,-543,-530]} 1. d4 Nf6 2. c4 e6 3. Nf3 Bb4+ 4. Nbd2 O-O 5. g3 d5 6. Qc2 {E01: Catalan: Early deviations.} c5 7. dxc5 e5 8. cxd5 {Black has an edge.} Qxd5 9. a3 Bxc5 {...e4 is the strong threat.} 10. e4 Qc6 {aiming for ...Bxf2+!} 11. Bd3 Bh3 {White must now prevent ...Ng4.} 12. Nxe5 Qc7 13. Nb3 {[#]} Qxe5 (13... Bxf2+ $1 $17 {[%mdl 512]} 14. Qxf2 Qxe5) 14. Qxc5 $15 ({Avoid the trap} 14. Nxc5 $2 Rc8 $19) 14... Nbd7 15. Qxe5 Nxe5 16. Be2 $1 Bg2 $36 {[%mdl 2048] Black has the initiative.} 17. Rg1 Bxe4 {[#]} 18. Be3 $146 ({Predecessor:} 18. Nd2 Bc6 19. f3 Rad8 20. Kf2 Nd3+ 21. Bxd3 Rxd3 22. Re1 Rfd8 23. Re2 h6 24. b4 {0-1 (76) Hamitevici,V (2401)-Babula,V (2554) Rijeka 2010}) 18... Rfd8 19. Nd2 Nd3+ 20. Bxd3 Bxd3 21. f3 Rac8 {And now ...Nd5 would win.} 22. Kf2 Rc2 23. Rge1 (23. Rgd1 $17) 23... Rxb2 24. Kg1 Nd5 25. Rad1 $2 (25. Nf1 {is a better chance.}) 25... Nxe3 $19 26. Rxe3 Bb5 {Weighted Error Value: White=0.29/Black=0.06} 0-1

[Event "Chinese-ch Women 2020"]
[Site "Xinghua"]
[Date "2020.12.30"]
[Round "11.6"]
[White "Song, Yuxin"]
[Black "Ni, Shiqun"]
[Result "1/2-1/2"]
[WhiteElo "2290"]
[BlackElo "2389"]
[Annotator "TA"]
[PlyCount "60"]
[EventDate "2020.12.19"]
[EventType "tourn"]
[EventCountry "CHN"]
[SourceTitle "playchess.com"]
[Source "ChessBase"]
[SourceQuality "1"]

{[%evp 12,60,6,9,6,12,12,9,6,9,9,9,9,9,9,9,9,9,12,9,9,9,9,8,9,9,13,-8,-8,-8,-2,-2,-2,-2,-2,-2,-2,-2,-2,-8,-8,-8,-8,-9,-8,-9,-9,-14,0,-9,0]} 1. e4 e5 2. Nf3 Nf6 3. d4 Nxe4 4. Bd3 Nc6 5. Bxe4 d5 6. Nxe5 Nxe5 7. dxe5 {The position is equal.} dxe4 {C43: Petroff Defence: 3 d4.} 8. Qxd8+ Kxd8 9. Nc3 Bb4 10. Bg5+ Ke8 11. O-O-O {[%csl Gg5][%cal Rd1d8] [#]} Bg4 12. Rd4 Bxc3 13. bxc3 h6 14. Rxe4 Bh3 15. gxh3 {[#] Be3 is the strong threat.} hxg5 $11 {[%mdl 4096] Endgame KRR-KRR} 16. Rg1 Rxh3 17. Rxg5 Kf8 18. Reg4 Re8 19. f4 g6 {[#]} 20. f5 $146 ({Predecessor:} 20. Rg2 Rxc3 21. f5 Rxe5 22. fxg6 Rxg5 23. Rxg5 fxg6 24. Rxg6 Rh3 {½-½ (24) Fluechter,G (2157)-Zaehringer,D (2142) Osnabrueck 2018}) 20... Rxe5 21. fxg6 Rxg5 22. Rxg5 fxg6 ({Don't play} 22... Rxh2 $6 23. Rf5 $16) 23. Rxg6 Rxh2 {KR-KR} 24. Kb2 Ke7 25. Rg7+ Kd6 26. Rg6+ Kc5 27. Kb3 Rf2 28. Rh6 Rg2 29. Rf6 Rh2 30. Rg6 Rf2 {An uneventful encounter.  Weighted Error Value: White=0.02/Black=0.01} 1/2-1/2